| 000 | 00618nam a2200193 a 4500 | ||
|---|---|---|---|
| 005 | 20210219150409.0 | ||
| 008 | 991125 gua 000 0 spa u | ||
| 035 | _aUPN01000013441 | ||
| 049 | _aCG | ||
| 050 | 4 |
_aF1466.5 _bN48 1955 |
|
| 245 | 0 | 0 | _aDe la neutralidad vigilante a la medida con Guatemala. |
| 250 | _a2a ed. | ||
| 260 |
_aGuatemala : _b[s. n.] |
||
| 300 |
_a279 p. : _bil. |
||
| 500 | _aContiene : gráficas, documentos, informaciones, comentarios. | ||
| 500 | _a"Contribución en el Primer Aniversario de la pacificación Guatemalteca | ||
| 651 | 4 |
_aGUATEMALA - _xHISTORIA - _y1945- |
|
| 905 | _aLibro | ||
| 999 |
_c13441 _d13441 |
||